000 00937nam a2200205Ii 4500
003 JO-AjNU
008 230605s9999||||xx |||||||||||||| ||und||
017 _a1987/2/44
040 _aJO-AjNU
_bara
_erda
_cJO-AjNU
041 _aara
050 1 4 _aDS35.62.H32 1987
100 3 _aالمجمع الملكي لبحوث الحضارة الاسلامية (ماب),
_eauthor
_945244
245 0 0 _aالحضارة الاسلامية: بحوث ودراسات في الشورى، التربية، الادارة المالية، الجزء الثالث
264 3 1 _aعمان: المجمع الملكي لبحوث الحضارة الاسلامية (ماب)، 1987
300 _aج3، 291ص
336 _atext
_btxt
_2rdacontent
337 _aunmediated
_bn
_2rdamedia
338 _avolume
_bnc
_2rdacarrier
650 4 _aحضارة اسلامية، الاسلام- تاريخ - ادارة مالية تربية اسلامية- شورى
_945245
999 _aA19597
_c23165
_d23165